| 000 | 01098nas a2200313 4500 | ||
|---|---|---|---|
| 001 | BR2013007738 | ||
| 003 | BR-BrBNA | ||
| 005 | 20231205123004.0 | ||
| 007 | ta | ||
| 008 | 230509b bl.|||p| |||| 00| 00por d | ||
| 040 |
_aBR-BrBNA _bpor _cBiblioteca Nacional de Agricultura |
||
| 041 | _a(Pt) | ||
| 072 | _aU40; P10 | ||
| 100 | 1 | _aPissarra, T.C.T. | |
| 100 | 1 | _aRodrigues, F.M. | |
| 100 | 1 | _aPolitano, W. | |
| 100 | 1 | _aGalbiatti, J.A. | |
| 245 | 1 | _aMorfometria de microbacias do Córrego Rico, afluente do Rio Mogi-Guaçu, Estado de São Paulo, Brasil | |
| 246 | 1 | _aMorphometric measures of córrego rico catchments, Mogiguaçu river, state of São Paulo, Brazil | |
| 650 | _aBACIA HIDROGRÁFICA | ||
| 650 | _aMICROBACIA | ||
| 650 | _aANÁLISE | ||
| 650 | _aSENSORIAMENTO REMOTO | ||
| 650 | _aHIDROLOGIA | ||
| 773 | 0 |
_tRevista Árvore (Brazil) _xISSN 0100-6762 _g(Jul-Aug 2010), v. 34(4) p. 669-676 _wBR2013007738 |
|
| 856 | 4 |
_uhttp://www.scielo.br/pdf/rarv/v34n4/v34n4a11.pdf _yRecurso eletrônico (PDF) |
|
| 909 |
_a202311 _bLúcia _c55 _dLúcia Elande |
||
| 942 |
_2AGRIS _n0 _cANA |
||
| 999 |
_c231641 _d231641 |
||